000 00660nas a2200241 4500
001 BR9404214
003 BR-BrBNA
005 20231205093706.0
007 ta
008 230509b bl.|||p| |||| 00| 00por d
040 _aBR-BrBNA
_bpor
_cBiblioteca Nacional de Agricultura
041 _a(Pt)
072 _aE80
100 1 _aStegemann, C.
245 1 _aArtesanato a ferro e a fogo
650 _aFerro
650 _aArtesanato
650 _aIndustria Caseira
650 _aSanta Catarina
773 0 _tGlobo Rural (Brazil)
_xISSN 0102-6178
_g(Dec 1992), v. 8(86) p. 44-48
_wBR9404214
909 _a202311
_bLúcia
_c55
_dLúcia Elande
942 _2AGRIS
_n0
_cANA
999 _c139905
_d139905